00388nam a22001455a 450000500170000001000170001702000260003403500170006008200110007710000140008824500620010226000430016430000220020750000130022920180412152744.0 aB-690766-767 a9788170495338c995.00 aB-690766-767 a954.04 aVittal. N a70 (seventy) years of India's independence /cby N.Vittal aNew Delhi :bManas Publications,c2017 a239p. ;c22cm(Hb) aBalidani